LEADER 01200nam a2200277 i 4500 001 000000174863 003 CaOOAMICUS 005 20220520124504.0 008 081010s2008 it u000 u ita u 013 $a152340 020 $a978-88-04-57310-4 040 $aSeMil$bita 245 00$aPoeti della corte di Federico 2. /$cedizione critica con commento diretta da Costanzo Di Girolamo. 260 $aMilano :$bMondadori,$c2008. 300 $aCCX, 1103 p. ;$c18 cm. 500 $aIn custodia. 650 4$aFederico II : di Svevia - Corte - Poesia.$0(OLS)http://semarc/subject/52306 700 1 $aDi Girolamo, Costanzo,$d<1948- >.$0(OLS)http://semarc/name/16070 773 0 $tPoeti della scuola siciliana.$dMilano : Mondadori, 2008.$kMeridiani$g2$w()15325 850 $aSeMil 852 $aSeMil$W1$xVenegono$y1$m1B I 184$j235763$B125691$CSeMilBibl$Z2$F139410 $81 961 $aAcquisto: Einaudi (Agente) 996 $6020$a978-88-04-57310-4$9(OLS)http://semarc/number/162895 996 $6245$aPoeti della corte di Federico 2.$9(OLS)http://semarc/title/250703 996 $6260$aMilano :$bMondadori$9(OLS)http://semarc/publisher/30335 LEADER 00914nam a2200229 4500 001 000000337559 003 CaOOAMICUS 005 20191028000000.0 008 191028s2008 gw 000 u ger r 020 $a978-3-404-15821-8 040 $aSeMil$bita 100 1 $aSantini, Francesca.$0(OLS)http://semarc/name/110421 245 10$aPinien im Wind :$bRoman /$cFrancesca Santini. 264 1$aBergisch Gladbach :$bBastei Lübbe,$c2008. 300 $a557 p. ;$c19 cm 830 0$aBastei-Lübbe-Taschenbuch ;$v15821.$0(OLS)http://semarc/title/11792 850 $aSeMil 852 $aSeMil$W1$xVenegono$y1$m1V VI 328$j217974$B229148$CSeMilBibl$Z2$F229148 $81 996 $6020$a978-3-404-15821-8$9(OLS)http://semarc/number/289053 996 $6245$aPinien im Wind :$bRoman$9(OLS)http://semarc/title/426535 996 $6264$aBergisch Gladbach :$bBastei Lübbe$9(OLS)http://semarc/publisher/58656 LEADER 01259nam a2200265 4500 001 000000344343 003 CaOOAMICUS 005 20210929163753.0 008 210217s2020 it a 000 u ita r 020 $a978-88-320-4740-0 040 $aSeMil$bita 100 1 $aCecchetti, Stefania.$0(OLS)http://semarc/name/113075 245 13$aIl fuoco nel cuore, le ali ai piedi :$bstoria di don Andrea Ghetti "Baden" /$cStefania Cecchetti ; prefazione di David Sassoli. 264 1$aMilano :$bIn Dialogo,$c2020. 300 $a189, XVI p., 8 carte di tav. :$bill. ;$c21 cm 600 14$aGhetti, Andrea, Baden .$0(OLS)http://semarc/subject/29213 650 4$aScoutismo - Italia.$0(OLS)http://semarc/subject/20890 700 1 $aSassòli, David,$d<1956-2022>.$0(OLS)http://semarc/name/113076 850 $aSeMil 852 $aSeMil$W1$xVenegono$y1$m3G II 520$j224666$B235367$CSeMilBibl$Z2$F235367 $81 961 $aOmaggio dell'editore 996 $6020$a978-88-320-4740-0$9(OLS)http://semarc/number/292391 996 $6245$aIl fuoco nel cuore, le ali ai piedi :$bstoria di don Andrea Ghetti "Baden"$9(OLS)http://semarc/title/433442 996 $6264$aMilano :$bIn Dialogo$9(OLS)http://semarc/publisher/31663 LEADER 01460nam a2200265 i 4500 001 000000217210 003 CaOOAMICUS 005 20121129000000.0 008 121129s2011 it u000 u ita u 013 $a196107 040 $aSeMil$bita 100 1 $aLabate, Paolo.$0(OLS)http://semarc/name/60861 245 10$aCartagena de Indias missione speciale :$bl'esperienza di Eugenio Biffi in terra colombiana da missionario (1856-1862) e da vescovo (1882-1896) /$cPaolo Labate. 260 $aRoma :$bUfficio storico del PIME,$c2011. 300 $a244 p. :$b[7] p. di tav. :$britr., ill. ;$c25 cm. 490 0 $aStudi e documenti ;$v7 650 4$aPIME - Storia - Documenti.$0(OLS)http://semarc/subject/1538 650 4$aChiesa cattolica - Missioni - Colombia.$0(OLS)http://semarc/subject/40322 650 4$aBiffi, Eugenio - Missioni - Colombia.$0(OLS)http://semarc/subject/40323 830 0$aStudi e documenti ;$v7.$0(OLS)http://semarc/title/6702 850 $aSeMil 852 $aSeMil$W1$xVenegono$y1$m3E V 81$j167624$B167624$CSeMilBibl$Z2$F179239 $81 961 $aOmaggio per recensione: Scuola Cattolica 996 $6245$aCartagena de Indias missione speciale :$bl'esperienza di Eugenio Biffi in terra colombiana da missionario (1856-1862) e da vescovo (1882-1896)$9(OLS)http://semarc/title/312137 996 $6260$aRoma :$bUfficio storico del PIME$9(OLS)http://semarc/publisher/53037 LEADER 00734nam a2200193 i 4500 001 000000224819 003 CaOOAMICUS 005 20131112000000.0 008 131112s1953 it u000 u eng u 013 $a203717 040 $aSeMil$bita 245 10$aIllustrations. 300 $aXXXV, 1 v. :$bill., 9 p. 490 0 $aBollingen series ;$v37. 773 0 $aGoodenough, Erwin Ramsdell <1893-1965>$tJewish Symbols in the Greco-Roman Period.$dNew York : Pantheon Books, copyr. 1953.$gVolume3$w()29105 830 0$aBollingen series ;$v37.$0(OLS)http://semarc/title/22671 850 $aSeMil 852 $aSeMil$W1$xVenegono$y1$m2V VI 83$j175165$B175165$CSeMilBibl$Z2$F185124 $81 996 $6245$aIllustrations$9(OLS)http://semarc/title/322132 LEADER 00977nam a2200205 i 4500 001 000000232065 003 CaOOAMICUS 005 20140819000000.0 008 140819s1889 it u000 u lat u 013 $a210968 040 $aSeMil$bita 100 1 $aCornely, Rudolf .$0(OLS)http://semarc/name/5769 245 10$aHistoricae et criticae introductionis in U. T. libros sacros compendium s. theologiae auditoribus accommodatum /$cauctore Rudolpho Cornely. 260 $aParisiis :$bSumptibus P. Lethielleux,$c1889. 300 $a646 p. ;$c23 cm. 650 4$aBibbia - Introduzioni.$0(OLS)http://semarc/subject/748 850 $aSeMil 852 $aSeMil$W1$xVenegono$y1$m2Y III 51 FA$j182411$B182411$CSeMilBibl$Z2$F193433 $8I 996 $6245$aHistoricae et criticae introductionis in U. T. libros sacros compendium s. theologiae auditoribus accommodatum$9(OLS)http://semarc/title/331162 996 $6260$aParisiis :$bSumptibus P. Lethielleux$9(OLS)http://semarc/publisher/38498